Films de Martin Scorsese par images - Mort Subite - Statistiques

Statistiques générales
  • Ce quiz a été pris 919 fois
  • Le résultat moyen est 5 sur 8
Answers on the Grid
Answers color-coded by a green-red scale on the quiz's grid according to % correct below.
 
Statistiques - réponses
Réponse % Correct
Le Loup de Wall Street
72%
Shutter Island
70%
Les Infiltrés
64%
The Irishman
59%
Les Affranchis
59%
La Dernière Tentation du Christ
56%
Gangs of New York
50%
Killers of the Flower Moon
22%
Aucun quiz correspondant
Distribution des résultats
% des personnes avec chaque résultat
Percentile par nombre de réponses
Votre historique - résultats
Vous n’avez pas pris ce quiz